01665nam a2200325 a 450000100100000000500170001000800410002702000240006802000230009204000250011508200150014010000250015524501460018026000420032630000350036849000200040350500710042359000260049470000330052070000330055370000310058683000270061795201140064495201140075895201080087295201140098095201140109495201140120899900170132200004726720201002053511.0150724s2017 dr ab 000 0 spa d a9789945195088 (v.1) a978994519040 (v.2) aDO-SdBNPbspacBNPHU axxxxbxxxx1 aNuñe, Paula97497210aEducación inicial 4 años /cPaula, Núñez, Elizabeth Martínez ; ilustración Ruddy Núñez... [et. al.]. ; editora Claudia Libre. aSanto Domingo :bSantillana :,c2017. av. :bil., ;c28 cm. +eCD-ROM1 aProyecto Quiero0 av. 1 :tLibro de texto --gv. 2 :tGuía de recursos didácticos aInventariado, 2018/VM12aMartínez, Elizabeth97497312aNúñez, Ruddyeil.92317112aLibre, Claudiaeed.930469 0aProyecto Quiero974974 0010718PDaGRbGRcHDd2018-04-25iLF1l0ov. 1, e. 3p47267-30r2020-06-25w2020-06-25yLFPDZNo se presta 0010718PDaGRbGRcHDd2018-11-23iLF1l0ov. 2, e. 3p47267-60r2020-06-25w2020-06-25yLFPDZNo se presta 0010718PDaPDbPDcHDd2018-04-25iLF1l0ov. 1p47267-10r2020-06-25w2020-06-25yLFPDZNo se presta 0010718PDaPDbPDcHDd2018-04-25iLF1l0ov. 1, e. 2p47267-20r2020-06-25w2020-06-25yLFPDZNo se presta 0010718PDaPDbPDcHDd2018-11-23iLF1l0ov. 2, e. 2p47267-40r2020-06-25w2020-06-25yLFPDZNo se presta 0010718PDaPDbPDcHDd2018-11-23iLF1l0ov. 2, e. 2p47267-50r2020-06-25w2020-06-25yLFPDZNo se presta c46755d46755